<?xml version="1.0" encoding="UTF-8"?>
<record
    xmlns:xsi="http://www.w3.org/2001/XMLSchema-instance"
    xsi:schemaLocation="http://www.loc.gov/MARC21/slim http://www.loc.gov/standards/marcxml/schema/MARC21slim.xsd"
    xmlns="http://www.loc.gov/MARC21/slim">

  <leader>03218nam a22002297a 4500</leader>
  <controlfield tag="003">NALT</controlfield>
  <controlfield tag="005">20260310101910.0</controlfield>
  <controlfield tag="008">220217b        th ||||| |||| 00| 0 tha d</controlfield>
  <datafield tag="020" ind1=" " ind2=" ">
    <subfield code="a">9786163482419</subfield>
  </datafield>
  <datafield tag="040" ind1=" " ind2=" ">
    <subfield code="a">NALT</subfield>
  </datafield>
  <datafield tag="050" ind1=" " ind2=" ">
    <subfield code="a">HD 69.P75</subfield>
    <subfield code="b">&#xE2A;778&#xE01; 2556</subfield>
  </datafield>
  <datafield tag="100" ind1="0" ind2=" ">
    <subfield code="9">57367</subfield>
    <subfield code="a">&#xE2A;&#xE38;&#xE17;&#xE31;&#xE28;&#xE19;&#xE4C; &#xE23;&#xE31;&#xE15;&#xE19;&#xE40;&#xE01;&#xE37;&#xE49;&#xE2D;&#xE01;&#xE31;&#xE07;&#xE27;&#xE32;&#xE19;</subfield>
  </datafield>
  <datafield tag="245" ind1="1" ind2="0">
    <subfield code="a">&#xE01;&#xE32;&#xE23;&#xE1A;&#xE23;&#xE34;&#xE2B;&#xE32;&#xE23;&#xE42;&#xE04;&#xE23;&#xE07;&#xE01;&#xE32;&#xE23; : &#xE40;&#xE04;&#xE23;&#xE37;&#xE48;&#xE2D;&#xE07;&#xE21;&#xE37;&#xE2D; &#xE41;&#xE25;&#xE30;&#xE40;&#xE17;&#xE04;&#xE19;&#xE34;&#xE04;&#xE43;&#xE19;&#xE01;&#xE32;&#xE23;&#xE1A;&#xE23;&#xE34;&#xE2B;&#xE32;&#xE23;&#xE42;&#xE04;&#xE23;&#xE07;&#xE01;&#xE32;&#xE23; =</subfield>
    <subfield code="b">Project management : tools &amp; techniques /</subfield>
    <subfield code="c">&#xE2A;&#xE38;&#xE17;&#xE31;&#xE28;&#xE19;&#xE4C; &#xE23;&#xE31;&#xE15;&#xE19;&#xE40;&#xE01;&#xE37;&#xE49;&#xE2D;&#xE01;&#xE31;&#xE07;&#xE27;&#xE32;&#xE19;.</subfield>
  </datafield>
  <datafield tag="246" ind1="1" ind2="4">
    <subfield code="a">Project management : tools &amp; techniques.</subfield>
  </datafield>
  <datafield tag="260" ind1=" " ind2=" ">
    <subfield code="a">&#xE01;&#xE23;&#xE38;&#xE07;&#xE40;&#xE17;&#xE1E;&#xE2F; :</subfield>
    <subfield code="b">&#xE42;&#xE23;&#xE07;&#xE1E;&#xE34;&#xE21;&#xE1E;&#xE4C;&#xE41;&#xE2B;&#xE48;&#xE07;&#xE08;&#xE38;&#xE2C;&#xE32;&#xE25;&#xE07;&#xE01;&#xE23;&#xE13;&#xE4C;&#xE21;&#xE2B;&#xE32;&#xE27;&#xE34;&#xE17;&#xE22;&#xE32;&#xE25;&#xE31;&#xE22;,</subfield>
    <subfield code="c">2556.</subfield>
  </datafield>
  <datafield tag="300" ind1=" " ind2=" ">
    <subfield code="a">&#xE01;-&#xE12;, 472 &#xE2B;&#xE19;&#xE49;&#xE32; :</subfield>
    <subfield code="b">&#xE20;&#xE32;&#xE1E;&#xE1B;&#xE23;&#xE30;&#xE01;&#xE2D;&#xE1A; ;</subfield>
    <subfield code="c">26 &#xE0B;&#xE21;.</subfield>
  </datafield>
  <datafield tag="505" ind1=" " ind2=" ">
    <subfield code="a">&#xE1A;&#xE17;&#xE17;&#xE35;&#xE48; 1 &#xE2B;&#xE25;&#xE31;&#xE01;&#xE01;&#xE32;&#xE23;&#xE40;&#xE1A;&#xE37;&#xE49;&#xE2D;&#xE07;&#xE15;&#xE49;&#xE19;&#xE02;&#xE2D;&#xE07;&#xE01;&#xE32;&#xE23;&#xE1A;&#xE23;&#xE34;&#xE2B;&#xE32;&#xE23;&#xE42;&#xE04;&#xE23;&#xE07;&#xE01;&#xE32;&#xE23; (Project Management Concept) -- &#xE1A;&#xE17;&#xE17;&#xE35;&#xE48; 2 &#xE01;&#xE32;&#xE23;&#xE1A;&#xE23;&#xE34;&#xE2B;&#xE32;&#xE23;&#xE01;&#xE32;&#xE23;&#xE40;&#xE0A;&#xE37;&#xE48;&#xE2D;&#xE21;&#xE42;&#xE22;&#xE07;&#xE02;&#xE2D;&#xE07;&#xE42;&#xE04;&#xE23;&#xE07;&#xE01;&#xE32;&#xE23; (Project Integration Management) -- &#xE1A;&#xE17;&#xE17;&#xE35;&#xE48; 3 &#xE01;&#xE32;&#xE23;&#xE1A;&#xE23;&#xE34;&#xE2B;&#xE32;&#xE23;&#xE02;&#xE2D;&#xE1A;&#xE40;&#xE02;&#xE15;&#xE02;&#xE2D;&#xE07;&#xE42;&#xE04;&#xE23;&#xE07;&#xE01;&#xE32;&#xE23; (Project Scope Management) -- &#xE1A;&#xE17;&#xE17;&#xE35;&#xE48; 4 &#xE01;&#xE32;&#xE23;&#xE1A;&#xE23;&#xE34;&#xE2B;&#xE32;&#xE23;&#xE40;&#xE27;&#xE25;&#xE32;&#xE02;&#xE2D;&#xE07;&#xE42;&#xE04;&#xE23;&#xE07;&#xE01;&#xE32;&#xE23; (Project Time Management) -- &#xE1A;&#xE17;&#xE17;&#xE35;&#xE48; 5 &#xE01;&#xE32;&#xE23;&#xE1A;&#xE23;&#xE34;&#xE2B;&#xE32;&#xE23;&#xE17;&#xE23;&#xE31;&#xE1E;&#xE22;&#xE32;&#xE01;&#xE23;&#xE41;&#xE25;&#xE30;&#xE15;&#xE49;&#xE19;&#xE17;&#xE38;&#xE19;&#xE02;&#xE2D;&#xE07;&#xE42;&#xE04;&#xE23;&#xE07;&#xE01;&#xE32;&#xE23; (Project Resource and Cost Management) -- &#xE1A;&#xE17;&#xE17;&#xE35;&#xE48; 6 &#xE01;&#xE32;&#xE23;&#xE1A;&#xE23;&#xE34;&#xE2B;&#xE32;&#xE23;&#xE04;&#xE38;&#xE13;&#xE20;&#xE32;&#xE1E;&#xE02;&#xE2D;&#xE07;&#xE42;&#xE04;&#xE23;&#xE07;&#xE01;&#xE32;&#xE23; (Project Quality Management) -- &#xE1A;&#xE17;&#xE17;&#xE35;&#xE48; 7 &#xE01;&#xE32;&#xE23;&#xE1A;&#xE23;&#xE34;&#xE2B;&#xE32;&#xE23;&#xE17;&#xE23;&#xE31;&#xE1E;&#xE22;&#xE32;&#xE01;&#xE23;&#xE1A;&#xE38;&#xE04;&#xE04;&#xE25;&#xE02;&#xE2D;&#xE07;&#xE42;&#xE04;&#xE23;&#xE07;&#xE01;&#xE32;&#xE23; (Project Human Resource Management) -- &#xE1A;&#xE17;&#xE17;&#xE35;&#xE48; 8 &#xE01;&#xE32;&#xE23;&#xE1A;&#xE23;&#xE34;&#xE2B;&#xE32;&#xE23;&#xE01;&#xE32;&#xE23;&#xE15;&#xE34;&#xE14;&#xE15;&#xE48;&#xE2D;&#xE2A;&#xE37;&#xE48;&#xE2D;&#xE2A;&#xE32;&#xE23;&#xE02;&#xE2D;&#xE07;&#xE42;&#xE04;&#xE23;&#xE07;&#xE01;&#xE32;&#xE23; (Project Communication Management) -- &#xE1A;&#xE17;&#xE17;&#xE35;&#xE48; 9 &#xE01;&#xE32;&#xE23;&#xE1A;&#xE23;&#xE34;&#xE2B;&#xE32;&#xE23;&#xE04;&#xE27;&#xE32;&#xE21;&#xE40;&#xE2A;&#xE35;&#xE48;&#xE22;&#xE07;&#xE02;&#xE2D;&#xE07;&#xE42;&#xE04;&#xE23;&#xE07;&#xE01;&#xE32;&#xE23; (Project Risk Management) -- &#xE1A;&#xE17;&#xE17;&#xE35;&#xE48; 10 &#xE01;&#xE32;&#xE23;&#xE1A;&#xE23;&#xE34;&#xE2B;&#xE32;&#xE23;&#xE01;&#xE32;&#xE23;&#xE08;&#xE31;&#xE14;&#xE0B;&#xE37;&#xE49;&#xE2D;&#xE08;&#xE31;&#xE14;&#xE08;&#xE49;&#xE32;&#xE07;&#xE02;&#xE2D;&#xE07;&#xE42;&#xE04;&#xE23;&#xE07;&#xE01;&#xE32;&#xE23; (Project Procurement Management) -- &#xE1A;&#xE17;&#xE17;&#xE35;&#xE48; 11 &#xE01;&#xE32;&#xE23;&#xE15;&#xE23;&#xE27;&#xE08;&#xE15;&#xE34;&#xE14;&#xE15;&#xE32;&#xE21;&#xE41;&#xE25;&#xE30;&#xE01;&#xE32;&#xE23;&#xE04;&#xE27;&#xE1A;&#xE04;&#xE38;&#xE21;&#xE42;&#xE04;&#xE23;&#xE07;&#xE01;&#xE32;&#xE23; (Project Monitoring and Control) -- &#xE1A;&#xE17;&#xE17;&#xE35;&#xE48; 12 &#xE01;&#xE32;&#xE23;&#xE1B;&#xE34;&#xE14;&#xE42;&#xE04;&#xE23;&#xE07;&#xE01;&#xE32;&#xE23; (Project Closing) -- &#xE20;&#xE32;&#xE04;&#xE1C;&#xE19;&#xE27;&#xE01; &#xE01; - &#xE27;&#xE34;&#xE18;&#xE35;&#xE01;&#xE32;&#xE23;&#xE43;&#xE0A;&#xE49;&#xE07;&#xE32;&#xE19;&#xE42;&#xE1B;&#xE23;&#xE41;&#xE01;&#xE23;&#xE21; Microsoft Project -- &#xE20;&#xE32;&#xE04;&#xE1C;&#xE19;&#xE27;&#xE01; &#xE02; - &#xE15;&#xE31;&#xE27;&#xE2D;&#xE22;&#xE48;&#xE32;&#xE07;&#xE41;&#xE1A;&#xE1A;&#xE1F;&#xE2D;&#xE23;&#xE4C;&#xE21;&#xE01;&#xE32;&#xE23;&#xE15;&#xE34;&#xE14;&#xE15;&#xE32;&#xE21; &#xE1B;&#xE23;&#xE31;&#xE1A;&#xE40;&#xE1B;&#xE25;&#xE35;&#xE48;&#xE22;&#xE19;&#xE41;&#xE1C;&#xE19;&#xE1B;&#xE0F;&#xE34;&#xE1A;&#xE31;&#xE15;&#xE34;&#xE01;&#xE32;&#xE23; &#xE41;&#xE25;&#xE30;&#xE41;&#xE1C;&#xE19;&#xE07;&#xE1A;&#xE1B;&#xE23;&#xE30;&#xE21;&#xE32;&#xE13;</subfield>
  </datafield>
  <datafield tag="650" ind1=" " ind2="4">
    <subfield code="9">12824</subfield>
    <subfield code="a">&#xE01;&#xE32;&#xE23;&#xE1A;&#xE23;&#xE34;&#xE2B;&#xE32;&#xE23;&#xE42;&#xE04;&#xE23;&#xE07;&#xE01;&#xE32;&#xE23;  </subfield>
  </datafield>
  <datafield tag="850" ind1=" " ind2=" ">
    <subfield code="a">NALT</subfield>
  </datafield>
  <datafield tag="942" ind1=" " ind2=" ">
    <subfield code="2">lcc</subfield>
    <subfield code="c">GB</subfield>
  </datafield>
  <datafield tag="998" ind1=" " ind2=" ">
    <subfield code="a">kornsiririn</subfield>
    <subfield code="j">111</subfield>
    <subfield code="k"> &#xE19;&#xE32;&#xE07;&#xE2A;&#xE32;&#xE27;&#xE1E;&#xE08;&#xE1E;&#xE34;&#xE13;  &#xE1E;&#xE23;&#xE21;&#xE40;&#xE2D;&#xE35;&#xE48;&#xE22;&#xE21;</subfield>
  </datafield>
  <datafield tag="999" ind1=" " ind2=" ">
    <subfield code="c">99697</subfield>
    <subfield code="d">99697</subfield>
  </datafield>
  <datafield tag="952" ind1=" " ind2=" ">
    <subfield code="0">0</subfield>
    <subfield code="1">0</subfield>
    <subfield code="2">lcc</subfield>
    <subfield code="4">0</subfield>
    <subfield code="7">0</subfield>
    <subfield code="8">CSEN</subfield>
    <subfield code="a">NALT</subfield>
    <subfield code="b">NALT</subfield>
    <subfield code="c">GEN</subfield>
    <subfield code="d">2022-03-15</subfield>
    <subfield code="l">4</subfield>
    <subfield code="m">2</subfield>
    <subfield code="o">HD 69.P75 &#xE2A;778&#xE01; 2556</subfield>
    <subfield code="p">0100006434001</subfield>
    <subfield code="r">2026-03-16 00:00:00</subfield>
    <subfield code="s">2026-03-10</subfield>
    <subfield code="w">2022-03-15</subfield>
    <subfield code="y">GB</subfield>
  </datafield>
</record>
